Technika a vzdelávanie časopis zameraný na technické vzdelávanie v základných, stredných i na vysokých školách, na oblasť základného a aplikovaného výskumu, aplikáciu informačných technológií vo výučbe odborných predmetov

Podrobná bibliografia
Ďalší autori: Ďuriš, Milan, 1954- (Šéfredaktor, zodpovedný redaktor)
Médium: Časopis
Jazyk:slovenčina
čeština
Fyzický popis:zv. grafy, obr., tab. 30 cm
Online vydanie: Technika a vzdelávanie (Online) ISSN 1339-9888
Vydavateľské údaje: Banská Bystrica Univerzita Mateja Bela 2012-
Banská Bystrica Vydavateľstvo Univerzity Mateja Bela - Belianum
ISSN:1338-9742
1339-9888
Predmet:
On-line prístup:http://www.fpv.umb.sk/katedry/katedra-techniky-a-technologii/casopis-technika-a-vzdelavanie.html

MARC

LEADER 00000cas a2200000 a 4500
001 vtls010482705
003 SK-MaSNL
005 20260228161215.0
008 130114c20129999xo fr p 0 b0slo
022 |a 1338-9742 
040 |a SVKBB  |b slo  |c SVKBB  |d SNK  |e AACR2 
041 0 |a slo  |a cze  |b eng  |b slo 
044 |a xo  |c SK 
072 7 |a 37  |x Výchova a vzdelávanie  |2 konspekt 
072 7 |a 00  |x Veda. Všeobecnosti. Základy vedy a kultúry. Vedecká práca  |2 konspekt 
080 |a 37.0:62  |2 2011 
080 |a 001.126  |2 2011 
080 |a 050  |2 2011 
080 |a (051)-027.561  |2 2011 
210 0 |a Tech. vzdel.  |b (Tlačené vyd.) 
222 0 |a Technika a vzdelávanie  |b (Tlačené vydanie) 
245 0 0 |a Technika a vzdelávanie  |b časopis zameraný na technické vzdelávanie v základných, stredných i na vysokých školách, na oblasť základného a aplikovaného výskumu, aplikáciu informačných technológií vo výučbe odborných predmetov 
260 |a Banská Bystrica  |b Univerzita Mateja Bela  |c 2012- 
260 3 |3 2016-  |a Banská Bystrica  |b Vydavateľstvo Univerzity Mateja Bela - Belianum 
300 |a zv.  |b grafy, obr., tab.  |c 30 cm 
310 |a 2x ročne 
362 0 |a Roč. 1, č. 1 (2012)- 
500 |a Evidenčné číslo MK SR: EV 4687/12 
500 |a Šéfredaktor: Milan Ďuriš 
504 |a Bibliogr. odkazy 
530 |a Online vydanie: Technika a vzdelávanie (Online) ISSN 1339-9888 
546 |a Text aj čes. ; res. angl. a slov. 
650 0 7 |a technické vzdelávanie  |2 SNKPH  |9 65924 
650 0 7 |a aplikovaný výskum  |2 SNKPH  |9 75376 
650 0 7 |a Technical education  |2 SNKPHeng  |9 267237 
650 0 7 |a Applied research  |2 SNKPHeng  |9 266369 
655 7 |a odborné časopisy  |2 SNKPH  |9 70505 
655 7 |a Professional journals  |2 SNKPHeng  |9 265007 
700 1 |a Ďuriš, Milan,  |d 1954-  |4 pbd  |9 204806 
710 2 |a Univerzita Mateja Bela v Banskej Bystrici.  |b Fakulta prírodných vied.  |b Katedra techniky a technológií  |4 pbl  |9 174118 
776 0 |t Technika a vzdelávanie (Online)  |x 1339-9888 
852 |a Štátna vedecká knižnica v Banskej Bystrici 
856 4 1 |u http://www.fpv.umb.sk/katedry/katedra-techniky-a-technologii/casopis-technika-a-vzdelavanie.html 
910 |a snk 
916 |a 2012-2019 
999 |c 4669  |d 6599 
952 |0 0  |1 0  |4 0  |7 0  |8 0  |a SNK  |b SNK  |d 2020-11-25  |i snk2020/21052  |l 0  |o snkČSB 6301/7/2018 D1  |p 17A1432638  |r 2026-02-21 19:24:30  |t č. 1-2  |w 2026-02-21  |y PREZ 
952 |0 0  |1 0  |4 0  |7 0  |8 1  |a SNK  |b SNK  |d 2024-11-07  |i snk2024/17036  |l 0  |o snkČSB 6301/9/2020 D1  |p 17A1524628  |r 2026-02-21 19:50:32  |t č. 1-2  |w 2026-02-21  |y PREZ 
952 |0 0  |1 0  |4 0  |7 0  |8 0  |a SNK  |b SNK  |d 2021-10-14  |i snk2021/15661  |l 0  |o snkČSB 6301/8/2019 D1  |p 17A1461137  |r 2026-02-21 20:00:38  |t č. 1-2  |w 2026-02-21  |y PREZ 
952 |0 0  |1 0  |4 0  |7 0  |8 0  |a SNK  |b SNK  |d 2022-06-15  |i snk2022/9792  |l 0  |o snkČSB 6301/9/2020  |p 17A1463427  |r 2026-02-21 20:00:53  |t č. 1-2  |w 2026-02-21  |y PREZ 
952 |0 0  |1 0  |4 0  |7 0  |8 0  |a SNK  |b SNK  |d 2022-06-15  |i snk2022/9793  |l 0  |o snkČSB 6301/10/2021  |p 17A1463428  |r 2026-02-21 20:00:54  |t č. 1-2  |w 2026-02-21  |y PREZ 
952 |0 0  |1 0  |4 0  |7 0  |8 0  |a SNK  |b SNK  |d 2020-02-13  |f 1  |i snk2020/3435  |l 0  |o snkČSB 6301/7/2018  |p 17A1371204  |r 2026-02-21 20:18:57  |t č. 1-2  |w 2026-02-21  |y PREZ 
952 |0 0  |1 0  |4 0  |7 0  |8 0  |a SNK  |b SNK  |d 2016-12-28  |i snk2016/29124  |l 0  |o snkČSB 6301/1/2012 D1  |p 17A1203963  |r 2026-02-21 21:03:56  |t č. 1-2  |w 2026-02-21  |y PREZ 
952 |0 0  |1 0  |4 0  |7 0  |8 0  |a SNK  |b SNK  |d 2016-12-28  |f 1  |i snk2016/29125  |l 0  |o snkČSB 6301/2/2013  |p 17A1203962  |r 2026-02-21 21:03:56  |t č. 1-2  |w 2026-02-21  |y PREZ 
952 |0 0  |1 0  |4 0  |7 0  |8 0  |a SNK  |b SNK  |d 2016-12-28  |f 1  |i snk2016/29119  |l 0  |o snkČSB 6301/1/2012  |p 17A1203964  |r 2026-02-21 21:04:32  |t č. 1-2  |w 2026-02-21  |y PREZ 
952 |0 0  |1 0  |4 0  |7 0  |8 0  |a SNK  |b SNK  |d 2016-12-28  |i snk2016/29126  |l 0  |o snkČSB 6301/2/2013 D1  |p 17A1203961  |r 2026-02-21 21:15:25  |t č. 1-2  |w 2026-02-21  |y PREZ 
952 |0 0  |1 0  |4 0  |7 0  |8 0  |a SNK  |b SNK  |d 2021-05-18  |f 1  |i snk2021/4872  |l 0  |o snkČSB 6301/8/2019  |p 17A1433804  |r 2026-02-21 21:21:25  |t č. 1-2  |w 2026-02-21  |y PREZ 
952 |0 0  |1 0  |4 0  |7 0  |8 0  |a SNK  |b SNK  |d 2016-12-28  |i snk2016/29139  |l 0  |o snkČSB 6301/3/2014 D1  |p 17A1203959  |r 2026-02-21 21:34:51  |t č. 1-2  |w 2026-02-21  |y PREZ 
952 |0 0  |1 0  |4 0  |7 0  |8 0  |a SNK  |b SNK  |d 2016-12-28  |f 1  |i snk2016/29143  |l 0  |o snkČSB 6301/4/2015  |p 17A1203958  |r 2026-02-21 21:34:51  |t č. 1-2  |w 2026-02-21  |y PREZ 
952 |0 0  |1 0  |4 0  |7 0  |8 0  |a SNK  |b SNK  |d 2016-12-28  |f 1  |i snk2016/29133  |l 0  |o snkČSB 6301/3/2014  |p 17A1203960  |r 2026-02-21 21:46:15  |t č. 1-2  |w 2026-02-21  |y PREZ 
952 |0 0  |1 0  |4 0  |7 0  |8 0  |a SNK  |b SNK  |d 2018-06-04  |i snk2018/12120  |l 0  |o snkČSB 6301/5/2016 D1  |p 17A1326271  |r 2026-02-21 22:12:45  |t č. 1-2  |w 2026-02-21  |y PREZ 
952 |0 0  |1 0  |4 0  |7 0  |8 0  |a SNK  |b SNK  |d 2018-06-04  |f 1  |i snk2018/12125  |l 0  |o snkČSB 6301/6/2017  |p 17A1326270  |r 2026-02-21 22:12:45  |t č. 1-2  |w 2026-02-21  |y PREZ 
952 |0 0  |1 0  |4 0  |7 0  |8 0  |a SNK  |b SNK  |d 2017-06-02  |f 1  |i snk2017/12889  |l 0  |o snkČSB 6301/5/2016  |p 17A1207470  |r 2026-02-21 22:17:53  |t č. 1-2  |w 2026-02-21  |y PREZ 
952 |0 0  |1 0  |4 0  |7 0  |8 0  |a SNK  |b SNK  |d 2017-06-02  |i snk2017/12892  |l 0  |o snkČSB 6301/4/2015 D1  |p 17A1207471  |r 2026-02-21 22:17:54  |t č. 1-2  |w 2026-02-21  |y PREZ 
952 |0 0  |1 0  |4 0  |7 0  |8 0  |a SNK  |b SNK  |d 2020-02-13  |i snk2020/3432  |l 0  |o snkČSB 6301/6/2017 D1  |p 17A1371203  |r 2026-02-21 22:29:52  |t č. 1-2  |w 2026-02-21  |y PREZ